书目信息 |
| 题名: |
生物化学工程基础
|
|
| 作者: | 李再资 , 黄肖容 , 谢逢春 编著 | |
| 分册: | ||
| 出版信息: | 北京 化学工业出版社 2011 |
|
| 页数: | 176页, [6] 页图版 | |
| 开本: | 26cm | |
| 丛书名: | 普通高等教育“十二五”规划教材 | |
| 单 册: | ||
| 中图分类: | TQ033-43 , Q5 | |
| 科图分类: | ||
| 主题词: | 生物化学--sheng wu hua xue--化学反应工程--高等学校--教材 | |
| 电子资源: | ||
| ISBN: | 978-7-122-10948-4 | |
| 000 | 01539nam 2200385 45 | |
| 001 | 012001000162 | |
| 005 | 20191107171944.42 | |
| 010 | @a978-7-122-10948-4@dCNY26.00 | |
| 099 | @aCAL 012013068808 | |
| 100 | @a20130530d2013 em y0chiy50 ea | |
| 101 | 0 | @achi |
| 102 | @aCN@b110000 | |
| 105 | @aaf a 000yy | |
| 106 | @ar | |
| 200 | 1 | @a生物化学工程基础@Asheng wu hua xue gong cheng ji chu@d= Biochemical engineering fundamentals@f李再资, 黄肖容, 谢逢春编著@zeng |
| 205 | @a第3版 | |
| 210 | @a北京@c化学工业出版社@d2011 | |
| 215 | @a176页, [6] 页图版@c图 (部分彩图)@d26cm | |
| 225 | 2 | @a普通高等教育“十二五”规划教材@Apu tong gao deng jiao yu“shi er wu”gui hua jiao cai |
| 225 | 2 | @a面向21世纪课程教材@Amian xiang 21 shi ji ke cheng jiao cai |
| 225 | 2 | @a生物工程/生物技术系列@Asheng wu gong cheng/sheng wu ji shu xi lie |
| 320 | @a有书目 (第175-176页) | |
| 330 | @a本书内容分为六章,结论、工业微生物学基础、代谢作用与发酵、遗传的分子基础与基因工程、酶与酶工程、生物技术的工程应用。 | |
| 410 | 0 | @12001@@a普通高等教育“十二五”规划教材 |
| 410 | 0 | @12001@@a面向21世纪课程教材 |
| 410 | 0 | @12001@@a生物工程/生物技术系列 |
| 510 | 1 | @aBiochemical engineering fundamentals@zeng |
| 606 | 0 | @a生物化学@Asheng wu hua xue@x化学反应工程@x高等学校@j教材 |
| 690 | @aTQ033-43@v5 | |
| 690 | @aQ5@v4 | |
| 701 | 0 | @a李再资@Ali zai zi@4编著 |
| 701 | 0 | @a黄肖容@Ahuang xiao rong@4编著 |
| 701 | 0 | @a谢逢春@Axie feng chun@4编著 |
| 801 | 0 | @aCN@b北京卓展文化@c20191020 |
| 905 | @b1195567-70@dTQ033-43@e479=3@f4 | |
| 生物化学工程基础= Biochemical engineering fundamentals/李再资, 黄肖容, 谢逢春编著.-第3版.-北京:化学工业出版社,2011 |
| 176页, [6] 页图版:图 (部分彩图);26cm.-(普通高等教育“十二五”规划教材).-(面向21世纪课程教材).-(生物工程/生物技术系列) |
| ISBN 978-7-122-10948-4:CNY26.00 |
| 本书内容分为六章,结论、工业微生物学基础、代谢作用与发酵、遗传的分子基础与基因工程、酶与酶工程、生物技术的工程应用。 |
| ● |
| 相关链接 |
|
|
|
|
正题名:生物化学工程基础
索取号:TQ033-43/479=3
 
预约/预借
| 序号 | 登录号 | 条形码 | 馆藏地/架位号 | 状态 | 备注 |
| 1 | 1195567 | 211955678 | 第二样本阅览室/ [索取号:TQ033-43/479=3] | 在馆 | |
| 2 | 1195568 | 211955687 | 第三借阅区/ [索取号:TQ033-43/479=3] | 在馆 | |
| 3 | 1195569 | 211955696 | 第三借阅区/ [索取号:TQ033-43/479=3] | 在馆 | |
| 4 | 1195570 | 211955703 | 第三借阅区/ [索取号:TQ033-43/479=3] | 在馆 |